[Event "RUS Cup Regions"]
[Site "Belgorod"]
[Date "2008.11.29"]
[Round "10"]
[White "Dolgusheva, Izabella"]
[Black "Losenkova, Olga"]
[Result "0-1"]
[WhiteElo "2056"]
[BlackElo "1767"]
[PlyCount "24"]
[EventDate "2008.11.21"]
[EventType "swiss"]
[EventRounds "10"]
[EventCountry "RUS"]
[SourceTitle "EXT 2010"]
[Source "ChessBase"]
[SourceDate "2010.11.25"]
[SourceVersion "1"]
[SourceVersionDate "2010.11.25"]
[SourceQuality "1"]

1. d4 d5 2. c4 c6 3. Nf3 Nf6 4. e3 Bg4 5. h3 Bh5 6. Nc3 e6 7. Qb3 Qc7 8. Be2 Bd6 9. 0-0 Rg8 10. cxd5 exd5 11. Bd2 Ne4 12. Rac1 Bxf3 0-1

[Event "RUS Cup Regions"]
[Site "Belgorod"]
[Date "2008.11.26"]
[Round "7"]
[White "Suslova, Alena"]
[Black "Losenkova, Olga"]
[Result "1-0"]
[WhiteElo "2157"]
[BlackElo "1767"]
[PlyCount "57"]
[EventDate "2008.11.21"]
[EventType "swiss"]
[EventRounds "10"]
[EventCountry "RUS"]
[SourceTitle "EXT 2010"]
[Source "ChessBase"]
[SourceDate "2010.11.25"]
[SourceVersion "1"]
[SourceVersionDate "2010.11.25"]
[SourceQuality "1"]

1. c4 c6 2. e4 d5 3. exd5 cxd5 4. d4 Nf6 5. Nc3 dxc4 6. Bxc4 e6 7. Nf3 a6 8. 0-0 Be7 9. Ne5 0-0 10. Re1 b5 11. Bb3 Bb7 12. Bg5 h6 13. Bh4 Nc6 14. Nxf7 Qxd4 15. Bxe6 Rxf7 16. Bxf7+ Kxf7 17. Bxf6 Qxd1 18. Raxd1 gxf6 19. Rd7 Bc8 20. Rc7 Ne5 21. Nd5 Bd7 22. Rxd7 Ke6 23. Rxe7+ Kxd5 24. Rd1+ Ke4 25. g3 Kf5 26. f4 Nc4 27. b3 Na3 28. Rd5+ Kg4 29. Kg2 1-0

[Event "RUS Cup Regions"]
[Site "Belgorod"]
[Date "2008.11.24"]
[Round "5"]
[White "Losenkova, Olga"]
[Black "Dolgusheva, Izabella"]
[Result "1/2-1/2"]
[WhiteElo "1767"]
[BlackElo "2056"]
[PlyCount "99"]
[EventDate "2008.11.21"]
[EventType "swiss"]
[EventRounds "10"]
[EventCountry "RUS"]
[SourceTitle "EXT 2010"]
[Source "ChessBase"]
[SourceDate "2010.11.25"]
[SourceVersion "1"]
[SourceVersionDate "2010.11.25"]
[SourceQuality "1"]

1. d4 Nf6 2. c4 e6 3. Nf3 Bb4+ 4. Nbd2 b6 5. a3 Bxd2+ 6. Qxd2 a5 7. b3 Bb7 8. Bb2 d6 9. g3 0-0 10. Bg2 Nbd7 11. 0-0 Be4 12. Ng5 Bxg2 13. Kxg2 h6 14. Nh3 c6 15. f3 d5 16. Rfc1 Qb8 17. cxd5 cxd5 18. Rc6 a4 19. Nf2 axb3 20. Qb4 b5 21. Qxb3 Ra4 22. e4 Rc4 23. exd5 exd5 24. Rxc4 dxc4 25. Qc2 Nd5 26. Bc1 Qa7 27. Qb2 Qa5 28. Ne4 Ra8 29. Rb1 Rb8 30. Bd2 Qb6 31. Bb4 f5 32. Nc5 Nxc5 33. dxc5 Qg6 34. Qe5 Rd8 35. Ba5 Rd7 36. Rxb5 f4 37. Rb8+ Kh7 38. Qe4 c3 39. Rh8+ Kxh8 40. Qxg6 Ne3+ 41. Kh3 c2 42. Qe8+ Kh7 43. Qxd7 c1Q 44. Qd3+ Kh8 45. Qd8+ Kh7 46. Qd3+ Kh8 47. Bd2 Qxc5 48. Qd8+ Kh7 49. Qd3+ Kh8 50. Qd8+ 1/2-1/2

[Event "RUS Cup Regions"]
[Site "Belgorod"]
[Date "2008.11.22"]
[Round "2"]
[White "Losenkova, Olga"]
[Black "Suslova, Alena"]
[Result "0-1"]
[WhiteElo "1767"]
[BlackElo "2157"]
[PlyCount "120"]
[EventDate "2008.11.21"]
[EventType "swiss"]
[EventRounds "10"]
[EventCountry "RUS"]
[SourceTitle "EXT 2010"]
[Source "ChessBase"]
[SourceDate "2010.11.25"]
[SourceVersion "1"]
[SourceVersionDate "2010.11.25"]
[SourceQuality "1"]

1. d4 Nf6 2. c4 g6 3. Nc3 Bg7 4. e4 d6 5. f3 0-0 6. Be3 c6 7. Bd3 e5 8. d5 Nh5 9. Nge2 f5 10. exf5 gxf5 11. 0-0 c5 12. Rc1 Na6 13. a3 Kh8 14. Kh1 Qe7 15. Qd2 Bf6 16. Rb1 Rg8 17. Qc2 f4 18. Bf2 Bh4 19. Ne4 Qg7 20. g3 fxg3 21. N2xg3 Bh3 22. Rg1 Qf8 23. Qd1 Nf4 24. Bf1 Bd7 25. Qb3 b6 26. Qe3 Qh6 27. Bg2 Rg6 28. Bf1 Be7 29. Rg2 Bh3 30. Rg1 Bd7 31. Rg2 Nxg2 32. Bxg2 Qxe3 33. Bxe3 Rf8 34. Kg1 h5 35. Kf2 h4 36. Ne2 Bf5 37. N2c3 h3 38. Bf1 Bh4+ 39. Ke2 Nc7 40. Bf2 Bxf2 41. Kxf2 Rfg8 42. Re1 Ne8 43. Ng3 Bd7 44. Nce2 Nf6 45. Ng1 Rxg3 46. hxg3 h2 47. Kg2 hxg1Q+ 48. Kxg1 Rxg3+ 49. Kf2 Rg7 50. Bd3 Kg8 51. Rh1 e4 52. fxe4 Ng4+ 53. Ke2 Ne5 54. Rh2 Rg3 55. Bc2 Nxc4 56. Rh6 Rg2+ 57. Kd3 Ne5+ 58. Kc3 Rg6 59. Rh2 Rg3+ 60. Kd2 Nf3+ 0-1